[Event "GER-ch (Women)"]
[Site "Gladenbach"]
[Date "2010.07.19"]
[Round "4.7"]
[White "Weiner, Diana"]
[Black "Leib, Britta"]
[Result "1-0"]
[WhiteElo "1119"]
[BlackElo "1982"]
[PlyCount "71"]
[EventDate "2010.07.17"]
[EventType "swiss"]
[EventRounds "7"]
[EventCountry "GER"]
[SourceTitle "EXT 2012"]
[Source "ChessBase"]
[SourceDate "2011.11.24"]
[SourceVersion "1"]
[SourceVersionDate "2011.11.24"]
[SourceQuality "1"]

1. e4 e6 2. Nf3 d5 3. Nc3 c5 4. d4 Nf6 5. Bd3 Nc6 6. e5 Nd7 7. dxc5 Bxc5 8. Bf4 a6 9. 0-0 h6 10. Qe2 Qc7 11. Bg3 Ne7 12. b3 Bxf2+ 13. Bxf2 Qxc3 14. Bd4 Qc7 15. Rac1 0-0 16. c4 dxc4 17. Rxc4 Nc6 18. Qf2 Qb8 19. Qg3 Nxd4 20. Rxd4 b5 21. Rh4 f5 22. Rxh6 Qb6+ 23. Kh1 Qe3 24. Rg6 Rf7 25. Bxf5 Nf8 26. Re1 Qc3 27. Rd1 Bd7 28. Be4 Rb8 29. Qg4 Qc8 30. Ng5 Rf2 31. Kg1 Rxa2 32. Rxg7+ Kxg7 33. Nxe6+ Kf7 34. Rf1+ Ke7 35. Qg5+ Kxe6 36. Qf6# 1-0

[Event "GER-ch (Women)"]
[Site "Gladenbach"]
[Date "2010.07.18"]
[Round "3.7"]
[White "Von Keyserlingk, Chanda"]
[Black "Weiner, Diana"]
[Result "1/2-1/2"]
[WhiteElo "1818"]
[BlackElo "1119"]
[PlyCount "115"]
[EventDate "2010.07.17"]
[EventType "swiss"]
[EventRounds "7"]
[EventCountry "GER"]
[SourceTitle "EXT 2012"]
[Source "ChessBase"]
[SourceDate "2011.11.24"]
[SourceVersion "1"]
[SourceVersionDate "2011.11.24"]
[SourceQuality "1"]

1. d4 Nf6 2. c4 e6 3. Nc3 d5 4. Bg5 Be7 5. e3 0-0 6. Nf3 Nbd7 7. Bd3 b6 8. 0-0 Bb7 9. Rb1 c5 10. a3 Qc7 11. Nb5 Qb8 12. Bf4 Qd8 13. b4 a6 14. Nd6 Ra7 15. Nxb7 Rxb7 16. bxc5 Nb8 17. a4 a5 18. Qc2 h6 19. cxb6 Rxb6 20. c5 Rxb1 21. Rxb1 Nc6 22. Rb5 Nb4 23. Qb1 Nxd3 24. Qxd3 Ne4 25. Rb7 Bf6 26. Qb3 Qc8 27. Rb8 Qd7 28. Rxf8+ Kxf8 29. h3 Qc6 30. Ne1 Qe8 31. f3 Nd2 32. Qb8 Qxb8 33. Bxb8 Nc4 34. Kf2 Bd8 35. Nd3 Ke8 36. c6 Be7 37. c7 Kd7 38. Ne5+ Nxe5 39. dxe5 Kc8 40. Ke2 Bh4 41. Kd3 Bf2 42. g4 Bg3 43. Kd4 Bf2 44. f4 Bh4 45. f5 g6 46. fxg6 fxg6 47. e4 Bf2+ 48. Kd3 d4 49. Ba7 Kxc7 50. Bxd4 Bxd4 51. Kxd4 Kc6 52. Kc4 Kb6 53. h4 Kc6 54. Kd4 h5 55. gxh5 gxh5 56. Kd3 Kc5 57. Kc3 Kb6 58. Kc4 1/2-1/2